Problémes économiques les articles de référence pour comprendre l'économie
Saved in:
| Format: | Serial |
|---|---|
| Language: | French |
| Published: |
Paris
La Documentation francaise
|
| Subjects: | |
| Tags: |
No Tags, Be the first to tag this record!
|
MARC
| LEADER | 00000nas1a22000001 4500 | ||
|---|---|---|---|
| 001 | s120258 | ||
| 005 | 20230523103532.4 | ||
| 041 | 0 | |a fre | |
| 044 | |a FR | ||
| 245 | 1 | 0 | |a Problémes économiques |b les articles de référence pour comprendre l'économie |
| 264 | 1 | |a Paris |b La Documentation francaise | |
| 610 | 2 | 0 | |a rozvoj hospodársky |
| 610 | 2 | 0 | |a politika hospodárska |